000 00788pam a2200265 a 4500
999 _c5824
_d5824
001 8410919
003 OSt
005 20190110110420.0
008 820415s1982 miu b 001 0 eng
010 _a82007397
020 _a0802819346 (pbk.) :
_c$7.95
035 _atcgc217022
035 _abrn38801
040 _aDLC
_cDLC
_dOTC
050 0 _aBV15
_b.M34 1982
082 0 _a264
_219
_bM379W
100 1 _aMartin, Ralph P.
245 1 4 _aThe worship of God :
_bsome theological, pastoral, and practical reflections /
_cby Ralph P. Martin.
260 _aGrand Rapids, Mich. :
_bW.B. Eerdmans Pub. Co.,
_cc1982.
300 _aix, 237 p. ;
_c21 cm.
504 _aIncludes bibliographical references and indexes.
650 0 _aPublic worship.
650 0 _aLiturgics.
942 _2ddc
_cBK